[Event "Bad Woerishofen op 38th"]
[Site "Bad Woerishofen"]
[Date "2023.03.09"]
[Round "7"]
[White "Monninger, Moritz Franz"]
[Black "Roemhild, Marcus"]
[Result "1-0"]
[WhiteElo "2121"]
[BlackElo "2056"]
[PlyCount "47"]
[EventDate "2023.03.03"]
[EventType "swiss"]
[EventRounds "9"]
[EventCountry "GER"]
[SourceTitle "CBM 213 Extra"]
[Source "ChessBase"]
[SourceDate "2023.05.31"]
[SourceVersion "1"]
[SourceVersionDate "2023.05.31"]
[SourceQuality "1"]

1. d4 d5 2. c4 c6 3. cxd5 cxd5 4. Nc3 Nf6 5. Bf4 a6 6. e3 Nc6 7. Bd3 e6 8. Rc1 Bd6 9. Bxd6 Qxd6 10. f4 Bd7 11. Nf3 b5 12. 0-0 b4 13. Na4 Ne7 14. Nc5 0-0 15. Bb1 Bb5 16. Re1 Rac8 17. Ne5 a5 18. Bd3 Qb6 19. g4 Rfd8 20. g5 Ne4 21. Bxe4 dxe4 22. Qh5 g6 23. Qh3 Bd3 24. Ncd7 1-0

[Event "Bad Woerishofen op 38th"]
[Site "Bad Woerishofen"]
[Date "2023.03.04"]
[Round "2"]
[White "Roemhild, Marcus"]
[Black "Vormann, Dirk"]
[Result "1/2-1/2"]
[WhiteElo "2056"]
[BlackElo "1994"]
[PlyCount "46"]
[EventDate "2023.03.03"]
[EventType "swiss"]
[EventRounds "9"]
[EventCountry "GER"]
[SourceTitle "CBM 213 Extra"]
[Source "ChessBase"]
[SourceDate "2023.05.31"]
[SourceVersion "1"]
[SourceVersionDate "2023.05.31"]
[SourceQuality "1"]

1. d4 d5 2. Nc3 Nf6 3. Bf4 e6 4. Nb5 Bd6 5. Nxd6+ cxd6 6. e3 Nc6 7. c3 h6 8. h3 e5 9. Bh2 0-0 10. Be2 Re8 11. Nf3 e4 12. Nd2 Be6 13. Qb3 Qd7 14. Qa3 Red8 15. 0-0 Ne7 16. Rac1 Ng6 17. c4 Nh4 18. Bg3 Nxg2 19. Kxg2 Bxh3+ 20. Kh2 Bxf1 21. Rxf1 dxc4 22. Nxc4 d5 23. Ne5 Qe8 1/2-1/2

[Event "NRW Class2 1819"]
[Site "Germany"]
[Date "2019.04.14"]
[Round "8.5"]
[White "Roemhild, Marcus"]
[Black "Schulze, Marc Andre"]
[Result "0-1"]
[WhiteElo "2041"]
[BlackElo "2212"]
[PlyCount "61"]
[EventDate "2018.09.16"]
[EventType "team-tourn"]
[EventRounds "9"]
[EventCountry "GER"]
[SourceTitle "EXT 2022"]
[Source "ChessBase"]
[SourceDate "2021.10.06"]
[SourceVersion "1"]
[SourceVersionDate "2021.10.06"]
[SourceQuality "1"]
[WhiteTeam "Bielefeld"]
[BlackTeam "Plettenberg"]
[WhiteTeamCountry "GER"]
[BlackTeamCountry "GER"]

1. c4 c5 2. Nc3 Nc6 3. g3 g6 4. Bg2 Bg7 5. a3 e6 6. b4 d6 7. Rb1 Nge7 8. Na4 cxb4 9. axb4 d5 10. b5 Ne5 11. cxd5 exd5 12. Nf3 Nxf3+ 13. Bxf3 Bh3 14. Ba3 0-0 15. Qb3 Re8 16. g4 Rc8 17. Rg1 Be5 18. Bb2 Bxb2 19. Nxb2 f5 20. g5 f4 21. Nd3 Qd6 22. Nb4 Be6 23. d4 Rc4 24. e3 fxe3 25. fxe3 Qxh2 26. Rg2 Qh4+ 27. Kd2 Rec8 28. Be2 Nf5 29. Bxc4 dxc4 30. Qc3 Nd6 31. Kc1 0-1

[Event "NRW Class2 1819"]
[Site "Germany"]
[Date "2018.12.09"]
[Round "4.6"]
[White "Roemhild, Marcus"]
[Black "Berndt, Axel"]
[Result "1-0"]
[WhiteElo "2047"]
[BlackElo "2125"]
[PlyCount "79"]
[EventDate "2018.09.16"]
[EventType "team-tourn"]
[EventRounds "9"]
[EventCountry "GER"]
[SourceTitle "EXT 2022"]
[Source "ChessBase"]
[SourceDate "2021.10.06"]
[SourceVersion "1"]
[SourceVersionDate "2021.10.06"]
[SourceQuality "1"]
[WhiteTeam "Bielefeld"]
[BlackTeam "Duesseldorf II"]
[WhiteTeamCountry "GER"]
[BlackTeamCountry "GER"]

1. e4 Nf6 2. e5 Nd5 3. d4 d6 4. Bc4 Nb6 5. Bb3 dxe5 6. Qh5 e6 7. dxe5 c5 8. Na3 Nc6 9. Nf3 g6 10. Qg4 h5 11. Qe4 Na5 12. Bg5 Be7 13. Rd1 Bd7 14. Be3 Qc7 15. c4 Bc6 16. Qf4 Nxb3 17. axb3 Nd7 18. 0-0 a6 19. Rfe1 Bxf3 20. gxf3 g5 21. Qe4 Nxe5 22. Bxc5 Nxf3+ 23. Qxf3 Bxc5 24. Qf6 Rg8 25. Rxe6+ Be7 26. Re2 Rd8 27. Rde1 Rd7 28. Nc2 Kf8 29. Qh6+ Rg7 30. Nd4 Rd6 31. Rxe7 Qxe7 32. Qxg7+ Kxg7 33. Nf5+ Kf6 34. Nxe7 Rd2 35. Nd5+ Kf5 36. Re7 Rxb2 37. Rxf7+ Kg4 38. Kg2 Rxb3 39. Ne3+ Kh4 40. Nf5+ 1-0

[Event "Bayern-chI Bank Hofmann 22nd"]
[Site "Tegernsee"]
[Date "2018.10.31"]
[Round "5"]
[White "Roemhild, Marcus"]
[Black "Miller, Eduard"]
[Result "0-1"]
[WhiteElo "2107"]
[BlackElo "2383"]
[PlyCount "84"]
[EventDate "2018.10.27"]
[EventType "swiss"]
[EventRounds "9"]
[EventCountry "GER"]
[SourceTitle "CBM 187 Extra"]
[Source "ChessBase"]
[SourceDate "2018.11.04"]
[SourceVersion "1"]
[SourceVersionDate "2018.11.04"]
[SourceQuality "1"]

1. d4 d5 2. Nc3 Nf6 3. Bg5 g6 4. Bxf6 exf6 5. e3 Bg7 6. Be2 0-0 7. Bf3 c6 8. Nge2 Re8 9. 0-0 Nd7 10. e4 dxe4 11. Nxe4 Nf8 12. c3 g5 13. g3 Bh3 14. Re1 Ne6 15. Bh1 f5 16. Nd2 Qc7 17. f3 Re7 18. Bg2 Bxg2 19. Kxg2 Rae8 20. Kf2 Qd7 21. Qc2 Nc7 22. Rad1 Nd5 23. Nf1 f4 24. Ng1 Ne3 25. Nxe3 Rxe3 26. Rxe3 Rxe3 27. Re1 Rxe1 28. Kxe1 fxg3 29. hxg3 Qe6+ 30. Kf2 Qxa2 31. g4 a5 32. Ne2 a4 33. Nc1 Qc4 34. Qf5 Bxd4+ 35. cxd4 Qxc1 36. Qc8+ Kg7 37. Qxb7 Qd2+ 38. Kg3 Qf4+ 39. Kg2 Qxd4 40. Kh3 Qd5 41. Kg3 Qe5+ 42. Kf2 Qb5 0-1

[Event "Bad Woerishofen op 34th"]
[Site "Bad Woerishofen"]
[Date "2018.02.28"]
[Round "6"]
[White "Arndt, Stefan"]
[Black "Roemhild, Marcus"]
[Result "1-0"]
[WhiteElo "2164"]
[BlackElo "2067"]
[PlyCount "53"]
[EventDate "2018.02.23"]
[EventType "swiss"]
[EventRounds "9"]
[EventCountry "GER"]
[SourceTitle "CBM 183 Extra"]
[Source "ChessBase"]
[SourceDate "2018.04.19"]
[SourceVersion "1"]
[SourceVersionDate "2018.04.19"]
[SourceQuality "1"]

1. e4 g6 2. Nc3 Bg7 3. f4 c6 4. d4 d5 5. e5 Nh6 6. Nf3 f6 7. Be3 Qb6 8. Na4 Qd8 9. Qd2 0-0 10. c4 Ng4 11. Bg1 fxe5 12. dxe5 e6 13. h3 Nh6 14. Bc5 Re8 15. Nc3 Nd7 16. Bf2 a6 17. 0-0-0 b5 18. cxd5 cxd5 19. Nxd5 Bb7 20. Nc3 Bc6 21. Nd4 Bb7 22. Nxe6 Rxe6 23. Qxd7 Qxd7 24. Rxd7 Bc6 25. Ra7 Rc8 26. Rxa6 Nf7 27. Bxb5 1-0

[Event "Bayern-chI Bank Hofmann 20th"]
[Site "Bad Wiessee"]
[Date "2016.11.03"]
[Round "6"]
[White "Cordes, Hans Joerg"]
[Black "Roemhild, Marcus"]
[Result "1-0"]
[WhiteElo "2244"]
[BlackElo "2080"]
[PlyCount "97"]
[EventDate "2016.10.29"]
[EventType "swiss"]
[EventRounds "9"]
[EventCountry "GER"]
[SourceTitle "CBM 175 Extra"]
[Source "ChessBase"]
[SourceDate "2016.12.12"]
[SourceVersion "1"]
[SourceVersionDate "2016.12.12"]
[SourceQuality "1"]

1. d4 Nf6 2. Bg5 Ne4 3. Bf4 d5 4. e3 c5 5. Bd3 cxd4 6. Bxe4 dxe4 7. exd4 e6 8. Nc3 Bb4 9. Nge2 0-0 10. 0-0 f5 11. f3 exf3 12. Rxf3 Nc6 13. Qd3 Bd6 14. Rd1 Bxf4 15. Nxf4 Bd7 16. Re3 Rf6 17. Qc4 Na5 18. Qe2 Qb6 19. Kh1 Qd6 20. Qf1 Rc8 21. b3 b6 22. Rd2 Rh6 23. Qf2 Kh8 24. Nce2 b5 25. Rh3 Rxh3 26. Nxh3 e5 27. Qe3 e4 28. d5 a6 29. Nhf4 h6 30. Qa7 Kh7 31. Qd4 Nb7 32. Nh5 Qe7 33. d6 Qf7 34. Nhf4 Nc5 35. Nd5 Ne6 36. Qa7 f4 37. Ng1 e3 38. Re2 Ng5 39. Nxf4 Qxf4 40. Qxd7 Rc3 41. Qe7 Ne4 42. g3 Nf2+ 43. Kg2 Qd4 44. d7 Qd5+ 45. Nf3 Qd1 46. Re1 Qxc2 47. Nd4 Qd2 48. Re2 Qd1 49. Rxf2 1-0

[Event "NRW Class1 1516"]
[Site "Germany"]
[Date "2016.05.08"]
[Round "9.6"]
[White "Sirringhaus, Wilfried"]
[Black "Roemhild, Marcus"]
[Result "1/2-1/2"]
[WhiteElo "2054"]
[BlackElo "2026"]
[PlyCount "150"]
[EventDate "2015.09.27"]
[EventType "team-tourn"]
[EventRounds "9"]
[EventCountry "GER"]
[SourceTitle "EXT 2017"]
[Source "ChessBase"]
[SourceDate "2016.10.25"]
[SourceVersion "1"]
[SourceVersionDate "2016.10.25"]
[SourceQuality "1"]
[WhiteTeam "Duisburg"]
[BlackTeam "Lippstadt Turm"]
[WhiteTeamCountry "GER"]
[BlackTeamCountry "GER"]

1. e4 c5 2. Nf3 g6 3. c3 Bg7 4. d4 cxd4 5. cxd4 d5 6. exd5 Nf6 7. Nc3 0-0 8. h3 Nxd5 9. Qb3 Nxc3 10. bxc3 Nc6 11. Be2 Na5 12. Qb4 b6 13. Bf4 Bb7 14. 0-0 Rc8 15. Rac1 e6 16. Rfe1 Re8 17. Bb5 Bc6 18. Ba6 Bf8 19. Qb1 Bb7 20. Qd3 Qd5 21. Re5 Bxa6 22. Qxa6 Qd7 23. Rb5 Nc4 24. Ne5 Nxe5 25. Bxe5 Bg7 26. Bxg7 Kxg7 27. a4 Rc4 28. Rxb6 Qxa4 29. Qxa4 Rxa4 30. Rb7 Rc8 31. Rd7 Rac4 32. Ra1 Rxc3 33. Raxa7 Rc1+ 34. Kh2 Rf8 35. Kg3 Rc2 36. Rd6 Kf6 37. Rdd7 g5 38. d5 Rc3+ 39. f3 h5 40. h4 g4 41. d6 gxf3 42. gxf3 Rd3 43. Ra5 Rg8+ 44. Kf2 Rd5 45. Rxd5 exd5 46. Ke3 Rf8 47. Kd4 Ke6 48. Re7+ Kxd6 49. Re5 f5 50. Rxd5+ Ke6 51. Ra5 Rb8 52. Ra6+ Kf7 53. Ke5 Rb4 54. Kxf5 Rxh4 55. Ra7+ Kf8 56. Kg5 Rh3 57. f4 Rf3 58. f5 Rb3 59. Kg6 Rg3+ 60. Kf6 Kg8 61. Ra8+ Kh7 62. Kf7 Rf3 63. f6 Rf4 64. Ra5 Kh6 65. Ra6 Rb4 66. Re6 h4 67. Kf8 Rb8+ 68. Re8 Rb7 69. f7 Kg6 70. Re6+ Kh7 71. Ke8 Rb8+ 72. Ke7 Kg7 73. Rb6 Ra8 74. Rb4 Ra7+ 75. Ke8 Ra8+ 1/2-1/2

[Event "NRW Class1 1516"]
[Site "Germany"]
[Date "2015.09.27"]
[Round "1.6"]
[White "Roemhild, Marcus"]
[Black "Jakovljevic, Goran"]
[Result "1/2-1/2"]
[WhiteElo "2026"]
[BlackElo "1891"]
[PlyCount "104"]
[EventDate "2015.09.27"]
[EventType "team-tourn"]
[EventRounds "9"]
[EventCountry "GER"]
[SourceTitle "EXT 2017"]
[Source "ChessBase"]
[SourceDate "2016.10.25"]
[SourceVersion "1"]
[SourceVersionDate "2016.10.25"]
[SourceQuality "1"]
[WhiteTeam "Lippstadt Turm"]
[BlackTeam "Werther"]
[WhiteTeamCountry "GER"]
[BlackTeamCountry "GER"]

1. c4 c6 2. g3 Nf6 3. Bg2 g6 4. Nc3 Bg7 5. e4 0-0 6. Nge2 e5 7. 0-0 d6 8. d4 c5 9. dxc5 dxc5 10. Nd5 Nxd5 11. exd5 f5 12. Be3 Qd6 13. Nc3 Bd7 14. Rb1 Na6 15. a3 Rac8 16. Re1 h6 17. f4 e4 18. Qd2 h5 19. Bf1 b6 20. Be2 Kf7 21. h4 Rfe8 22. Red1 Bf6 23. Kg2 Kg7 24. Na2 Rc7 25. Qc2 Rf8 26. Bd2 Rcc8 27. Bc3 Rf7 28. b3 Rff8 29. Qb2 Rf7 30. Be5 Qe7 31. b4 Re8 32. Bxf6+ Qxf6 33. Nc3 Rd8 34. Rd2 Be8 35. Nd1 Qxb2 36. Rbxb2 Kf6 37. Kf2 Ke7 38. Ke3 Kd6 39. Nc3 Rc8 40. b5 Nb8 41. a4 Rb7 42. a5 Nd7 43. Ra2 Bf7 44. axb6 axb6 45. Ra6 Rcb8 46. Rda2 Bg8 47. Bd1 Bf7 48. Bc2 Nf6 49. Bd1 Nd7 50. Ra7 Kc7 51. R7a6 Kd6 52. Na4 Kc7 1/2-1/2

[Event "NRW Class2 1314"]
[Site "Germany"]
[Date "2014.02.02"]
[Round "6.5"]
[White "Roemhild, Marcus"]
[Black "Gruermann, Martin"]
[Result "1/2-1/2"]
[WhiteElo "2010"]
[BlackElo "2110"]
[PlyCount "96"]
[EventDate "2013.09.15"]
[EventType "team-tourn"]
[EventRounds "9"]
[EventCountry "GER"]
[SourceTitle "EXT 2015"]
[Source "ChessBase"]
[SourceDate "2014.11.20"]
[SourceVersion "1"]
[SourceVersionDate "2014.11.20"]
[SourceQuality "1"]
[WhiteTeam "Lippstadt Turm"]
[BlackTeam "Letmathe"]
[WhiteTeamCountry "GER"]
[BlackTeamCountry "GER"]

1. e4 c5 2. Nc3 a6 3. g3 b5 4. Bg2 Bb7 5. d3 e6 6. Nf3 Nf6 7. 0-0 d6 8. Re1 Nbd7 9. Bf4 Be7 10. e5 dxe5 11. Nxe5 Bxg2 12. Kxg2 Nxe5 13. Bxe5 0-0 14. Qf3 Qd7 15. Rad1 Rad8 16. d4 cxd4 17. Rxd4 Qc8 18. Re2 Rxd4 19. Bxd4 Qa8 20. a3 Qxf3+ 21. Kxf3 Rd8 22. Be3 Nd7 23. Bf4 g5 24. Bc7 Rc8 25. Ba5 Bf6 26. Kg2 Nc5 27. Nd1 Nb7 28. Bc3 Bxc3 29. Nxc3 Nd6 30. Nb1 Nc4 31. b3 Nb6 32. c3 Nd5 33. Rc2 g4 34. c4 Kf8 35. Nd2 f5 36. h3 h5 37. Rc1 Ke7 38. hxg4 hxg4 39. Kf1 Rc7 40. Ke2 Kd6 41. Rh1 Nf6 42. Ke3 bxc4 43. Nxc4+ Ke7 44. Rh8 Rd7 45. Ra8 Nd5+ 46. Ke2 Nc3+ 47. Ke3 Nd5+ 48. Ke2 Nc3+ 1/2-1/2

[Event "Bad Woerishofen op 28th"]
[Site "Bad Woerishofen"]
[Date "2012.03.06"]
[Round "5"]
[White "Glantz, Robert"]
[Black "Roemhild, Marcus"]
[Result "1-0"]
[WhiteElo "2278"]
[BlackElo "2121"]
[PlyCount "81"]
[EventDate "2012.03.02"]
[EventType "swiss"]
[EventRounds "9"]
[EventCountry "GER"]
[SourceTitle "EXT 2019"]
[Source "ChessBase"]
[SourceDate "2018.10.10"]
[SourceVersion "1"]
[SourceVersionDate "2018.10.10"]
[SourceQuality "1"]

1. e4 c5 2. Nf3 g6 3. c3 Bg7 4. d4 cxd4 5. cxd4 d5 6. e5 Nc6 7. h3 f6 8. Bb5 Bd7 9. 0-0 Nxe5 10. Bxd7+ Nxd7 11. Nc3 Nb6 12. Bf4 Nh6 13. Nb5 0-0 14. Nc7 e5 15. Nxa8 exf4 16. Nxb6 axb6 17. Re1 Nf7 18. Qe2 Ng5 19. Nxg5 fxg5 20. Qe6+ Kh8 21. Rad1 Bf6 22. Rd2 Kg7 23. Rc2 Rf7 24. Rc8 Qd7 25. Qxd7 Rxd7 26. Rec1 Bd8 27. Kf1 Kf7 28. Ke2 Ke6 29. Kd3 Kf7 30. Rb8 Ke7 31. Rcc8 h5 32. a4 g4 33. hxg4 hxg4 34. b3 g5 35. b4 Ke8 36. b5 f3 37. gxf3 gxf3 38. Ke3 g4 39. Kf4 Ke7 40. Kxg4 Bc7 41. Rxb7 1-0

[Event "Bayern-chI Bank Hofmann 15th"]
[Site "Bad Wiessee"]
[Date "2011.11.04"]
[Round "7"]
[White "Hertneck, Gerald"]
[Black "Roemhild, Marcus"]
[Result "1-0"]
[WhiteElo "2547"]
[BlackElo "2115"]
[PlyCount "45"]
[EventDate "2011.10.29"]
[EventType "swiss"]
[EventRounds "9"]
[EventCountry "GER"]
[SourceTitle "EXT 2012"]
[Source "ChessBase"]
[SourceDate "2011.11.24"]
[SourceVersion "1"]
[SourceVersionDate "2011.11.24"]
[SourceQuality "1"]

1. d4 Nf6 2. c4 c5 3. d5 b5 4. cxb5 a6 5. f3 Qa5+ 6. Bd2 Qxb5 7. Bc3 Qb7 8. e4 d6 9. Na3 g6 10. Bd3 Bg7 11. Nc4 0-0 12. Ne2 Bd7 13. a4 Ne8 14. Bc2 a5 15. Qd2 Bxc3 16. bxc3 Qc7 17. h4 Ng7 18. h5 Nxh5 19. g4 Nf6 20. Qh6 e5 21. Ng3 Rc8 22. Nf5 gxf5 23. exf5 1-0